| 000 | 00337nam a2200121Ia 4500 | ||
|---|---|---|---|
| 008 | 190415s9999 xx 000 0 und d | ||
| 082 | _aRI.0020 | ||
| 100 | _aIndian Council of Medical Rese | ||
| 245 | 0 | _aIndian Council of Medical Research : Report of the Working Group on Medical Educ | |
| 260 | _c1978 | ||
| 300 | _av.p. | ||
| 942 | _cBK | ||
| 999 |
_c15391 _d15391 |
||